000 00367 a2200157 4500
001 59498
020 _a9783126754569
040 _cAnchieta - Pituba
100 _aRothhaas, Norbert
240 1 0 _aDie Bremer stadtmusikanten
_lpor
245 1 0 _aDie Bremer stadtmusikanten
300 _a23
362 0 _a2010
650 4 _aLiteratura juvenil em alemão
942 _cBK
999 _c59498
_d59498